[Event "Championnat de France des Jeunes - Cade"]
[Site "TROYES"]
[Date "2010.04.12"]
[Round "3.4"]
[White "Klipper, Noemie"]
[Black "Le Bail, Arielle"]
[Result "1-0"]
[WhiteElo "1872"]
[BlackElo "1847"]
[PlyCount "77"]

1. c4 Nf6 2. Nc3 e6 3. a3 d5 4. d4 Be7 5. Bf4 a6 6. e3 O-O 7. Nf3 Nbd7 8. Be2
c5 9. cxd5 exd5 10. O-O Re8 11. Ne5 cxd4 12. Nxd7 dxc3 13. Nxf6+ Bxf6 14. bxc3
Bxc3 15. Rb1 Re7 16. Bf3 Be6 17. Qd3 Rc8 18. Rfc1 Qa5 19. Bd6 Ree8 20. Rxb7 Bf6
21. Bc7 Qa4 22. e4 Bg5 23. Rc5 Be7 24. Rc2 d4 25. e5 Qxa3 26. Qxd4 Bf5 27. Rd2
Bg5 28. Bd6 Rc1+ 29. Rd1 Rxd1+ 30. Qxd1 Qc3 31. Rc7 Qd3 32. g4 Qxd1+ 33. Bxd1
Bd3 34. Bb3 Bg6 35. h4 Bxh4 36. f4 Rb8 37. f5 Bxf5 38. gxf5 Bd8 39. Rxf7 1-0

[Event "Championnat de France des Jeunes - Cade"]
[Site "TROYES"]
[Date "2010.04.12"]
[Round "3.5"]
[White "Uhl, Sarah"]
[Black "Lefevre, Margaux"]
[Result "0-1"]
[WhiteElo "1714"]
[BlackElo "2036"]
[PlyCount "142"]

1. e4 c5 2. d4 cxd4 3. c3 Nf6 4. e5 Nd5 5. Qxd4 e6 6. Nf3 Nc6 7. Qe4 d6 8. Bb5
Bd7 9. c4 Nb6 10. Bg5 Qc7 11. exd6 Bxd6 12. Nc3 a6 13. c5 Bxc5 14. Be2 Bd6 15.
O-O Ne7 16. Qd3 f6 17. Be3 Nbd5 18. Rac1 Nxc3 19. Rxc3 Bc6 20. h3 Rd8 21. Qc2
Nd5 22. Rb3 Qf7 23. Qb1 O-O 24. Nd4 Ba4 25. Rd3 Bd7 26. Nf3 Bb5 27. Rd2 Nxe3
28. fxe3 Bc5 29. Kf2 Rxd2 30. Nxd2 Bxe2 31. Kxe2 Qh5+ 32. Nf3 e5 33. Qe4 b6 34.
b4 Be7 35. Rd1 Qg6 36. Qc4+ Kh8 37. Kf2 Qf5 38. g4 Qc8 39. Qe4 Qc3 40. Rd7 Qxb4
41. Qb7 Re8 42. Nh4 g6 43. Nf3 Kg7 44. Qxa6 Kf8 45. Qd3 Qb2+ 46. Qd2 Qxd2+ 47.
Nxd2 Ra8 48. Nc4 Rxa2+ 49. Kf3 b5 50. Nb6 Ke8 51. Rb7 Bc5 52. Nd5 f5 53. gxf5
gxf5 54. Rxb5 Ba7 55. Rb7 Bc5 56. Rb5 Bd6 57. Nf6+ Kf7 58. Ne4 fxe4+ 59. Kxe4
Ke6 60. Rb7 Ra4+ 61. Kf3 Rh4 62. Kg3 Rh6 63. Rg7 e4+ 64. Kg4 Kf6 65. Rd7 Be5
66. Ra7 Rg6+ 67. Kh4 Rh6+ 68. Kg4 Rg6+ 69. Kh4 Kf5 70. Rf7+ Bf6+ 71. Kh5 Rg8
0-1

[Event "Championnat de France des Jeunes - Cade"]
[Site "TROYES"]
[Date "2010.04.12"]
[Round "3.6"]
[White "Jeannerot, Lea"]
[Black "Josse, Mathilde"]
[Result "1-0"]
[WhiteElo "2030"]
[BlackElo "1688"]
[PlyCount "45"]

1. Nf3 d6 2. b3 e5 3. e4 Nf6 4. Nc3 Nc6 5. Bb2 Be7 6. Be2 O-O 7. d4 Nxd4 8.
Nxd4 exd4 9. Qxd4 Be6 10. Nd5 c6 11. Nxe7+ Qxe7 12. O-O-O a6 13. g4 c5 14. Qc3
b5 15. Ba1 Bxg4 16. Bxg4 Qxe4 17. Rhg1 Qf4+ 18. Qe3 Qxe3+ 19. fxe3 Rad8 20.
Bxf6 gxf6 21. Rdf1 Kg7 22. Bh5+ Kh6 23. Be2 1-0

[Event "Championnat de France des Jeunes - Cade"]
[Site "TROYES"]
[Date "2010.04.12"]
[Round "3.7"]
[White "Thuret, Marine"]
[Black "Auffret, Gaelle"]
[Result "1-0"]
[WhiteElo "1832"]
[BlackElo "1669"]
[PlyCount "63"]

1. Nc3 d5 2. e4 Nf6 3. e5 Nfd7 4. d4 e6 5. Nf3 Bb4 6. Bd3 c5 7. dxc5 Bxc5 8.
O-O Nc6 9. Bf4 O-O 10. Bxh7+ Kh8 11. Bd3 Kg8 12. Re1 Qc7 13. Bg3 Be7 14. Qd2 b6
15. h4 Bb7 16. h5 Rac8 17. a3 Ncb8 18. Ng5 Ba6 19. Bf4 Nc5 20. Nb5 Qd7 21. a4
Bb7 22. Nxa7 Rcd8 23. Nb5 Ne4 24. Bxe4 dxe4 25. Qxd7 Rxd7 26. Nxe4 Bxe4 27.
Rxe4 Rd2 28. Rc4 Bc5 29. Kh2 Rfd8 30. Re1 Re2 31. Kg3 Nc6 32. a5 1-0

[Event "Championnat de France des Jeunes - Cade"]
[Site "TROYES"]
[Date "2010.04.12"]
[Round "3.8"]
[White "Daif, Sarah"]
[Black "Kohi, Camilla"]
[Result "1-0"]
[WhiteElo "1643"]
[BlackElo "1824"]
[PlyCount "55"]

1. d4 Nf6 2. Nf3 g6 3. Bf4 Bg7 4. e3 d6 5. h3 Nbd7 6. Be2 c5 7. c3 cxd4 8. cxd4
b6 9. O-O O-O 10. Nbd2 Bb7 11. Qa4 Nh5 12. Bh2 f5 13. Ng5 Rf6 14. e4 h6 15. e5
hxg5 16. exf6 Ndxf6 17. Bf3 Ne4 18. Nxe4 fxe4 19. Qb3+ Kh7 20. Bxh5 gxh5 21.
Qf7 Kh6 22. Qe6+ Bf6 23. d5 Qg8 24. Qxe4 Bxd5 25. Qe3 Qg7 26. h4 Bxb2 27. hxg5+
Kh7 28. Qd3+ 1-0

[Event "Championnat de France des Jeunes - Cade"]
[Site "TROYES"]
[Date "2010.04.12"]
[Round "3.9"]
[White "Armas, Lena"]
[Black "Abidi, Ines"]
[Result "1-0"]
[WhiteElo "1816"]
[BlackElo "1651"]
[PlyCount "43"]

1. e4 e6 2. d3 d5 3. Qe2 dxe4 4. dxe4 Nf6 5. Nf3 Be7 6. g3 b6 7. Bg2 Bb7 8. O-O
Bxe4 9. Rd1 Qc8 10. Nc3 Bb7 11. Bf4 a6 12. Qc4 c5 13. Bd6 Nc6 14. Qb3 Na5 15.
Qa4+ Bc6 16. Qf4 Nb7 17. Bxe7 Kxe7 18. Qg5 h6 19. Qxg7 Qc7 20. Nh4 Rh7 21. Ng6+
Ke8 22. Qf8# 1-0

[Event "Championnat de France des Jeunes - Cade"]
[Site "TROYES"]
[Date "2010.04.12"]
[Round "3.10"]
[White "Lepenant, Maissane"]
[Black "Dubois, Emmanuelle"]
[Result "0-1"]
[WhiteElo "1580"]
[BlackElo "1811"]
[PlyCount "58"]

1. e4 c5 2. Nf3 Nc6 3. Bc4 e6 4. Nc3 Nf6 5. d4 cxd4 6. Nxd4 a6 7. Nxc6 bxc6 8.
Bg5 Be7 9. e5 Nd5 10. Bxe7 Qxe7 11. Nxd5 cxd5 12. Bb3 d6 13. Qd4 O-O 14. O-O
dxe5 15. Qxe5 Bb7 16. Rfe1 Rfd8 17. Rad1 Kf8 18. Qd4 Rac8 19. c3 Qc5 20. Qxc5+
Rxc5 21. f4 Rdc8 22. Kf2 a5 23. Re5 Ba6 24. Bc2 Rb8 25. Bb3 a4 26. Bxa4 Rxb2+
27. Kg1 Rxc3 28. f5 Rxa2 29. Bd7 Rcc2 0-1

[Event "Championnat de France des Jeunes - Mini"]
[Site "TROYES"]
[Date "2010.04.12"]
[Round "3.1"]
[White "Ider, Borya"]
[Black "Aubry, Yannis"]
[Result "1-0"]
[WhiteElo "2283"]
[BlackElo "1965"]
[PlyCount "67"]
[EventDate "2010.??.??"]

1. d4 Nf6 2. c4 e6 3. g3 b6 4. Bg2 d5 5. Nf3 Bb7 6. O-O Be7 7. Qc2 O-O 8. Rd1
Na6 9. cxd5 exd5 10. Nc3 Re8 11. Bf4 c5 12. a3 Rc8 13. Be5 Qd7 14. Ng5 g6 15.
Bxf6 Bxf6 16. Bh3 Qc6 17. Bxc8 Bxc8 18. Nf3 Bg4 19. dxc5 Bf5 20. Qd2 Nxc5 21.
Qxd5 Qxd5 22. Rxd5 Be4 23. Nxe4 Rxe4 24. Rb1 Rxe2 25. Rd2 Re7 26. Re1 Rc7 27.
Ree2 Kg7 28. Nd4 a6 29. Nf3 Rc6 30. Ne5 Re6 31. Nc4 Rc6 32. Rd6 Rxd6 33. Nxd6
Na4 34. Ne8+ 1-0

[Event "Championnat de France des Jeunes - Mini"]
[Site "TROYES"]
[Date "2010.04.12"]
[Round "3.2"]
[White "Chauvet, Vincent"]
[Black "Loiseau, Quentin"]
[Result "0-1"]
[WhiteElo "1961"]
[BlackElo "2185"]
[PlyCount "66"]

1. e4 c5 2. Nf3 Nc6 3. d4 cxd4 4. Nxd4 Nf6 5. Nc3 e5 6. Ndb5 d6 7. Nd5 Nxd5 8.
exd5 Nb8 9. c4 Be7 10. Be2 O-O 11. O-O a6 12. Nc3 f5 13. Rb1 Nd7 14. f4 Bf6 15.
Be3 exf4 16. Bxf4 Ne5 17. Qd2 g5 18. Be3 f4 19. Bd4 Bf5 20. Rbd1 Qc7 21. b3
Rae8 22. Na4 Nd7 23. Bxf6 Nxf6 24. Bd3 Ng4 25. Rc1 Qg7 26. Bxf5 Rxf5 27. Qd3
Rfe5 28. b4 Re3 29. Qf5 Nh6 30. Qb1 b5 31. Nb2 Re2 32. Rc2 Qd4+ 33. Kh1 Ng4 0-1

[Event "Championnat de France des Jeunes - Mini"]
[Site "TROYES"]
[Date "2010.04.12"]
[Round "3.3"]
[White "Roubaud, Alexandre"]
[Black "Meley, Hector"]
[Result "1/2-1/2"]
[WhiteElo "2054"]
[BlackElo "1938"]
[PlyCount "73"]

1. e4 e6 2. d4 d5 3. e5 c5 4. c3 Qb6 5. Nf3 Nc6 6. a3 Nh6 7. b4 cxd4 8. cxd4
Nf5 9. Bb2 Bd7 10. g4 Nh6 11. h3 Be7 12. Nc3 O-O 13. Bd3 f6 14. exf6 Bxf6 15.
Na4 Qd8 16. Nc5 Bc8 17. Qe2 Nf7 18. b5 Na5 19. h4 b6 20. Na4 Nd6 21. g5 Be7 22.
Ne5 Ne4 23. Bxe4 dxe4 24. g6 h6 25. Qh5 Rf5 26. Qg4 Qd5 27. Nc3 Qb3 28. Qe2 Bb7
29. Rh3 Raf8 30. Nf7 Rc8 31. Rb1 Bxa3 32. Bxa3 Qxa3 33. Qe3 Rf3 34. Rxf3 exf3
35. Nxh6+ Kh8 36. Nf7+ Kg8 37. Nh6+ 1/2-1/2

[Event "Championnat de France des Jeunes - Mini"]
[Site "TROYES"]
[Date "2010.04.12"]
[Round "3.4"]
[White "Allard, Thomas"]
[Black "Muheim, Sebastien"]
[Result "0-1"]
[WhiteElo "1879"]
[BlackElo "2053"]
[PlyCount "52"]

1. e4 c5 2. Nf3 d6 3. d4 Nf6 4. Nc3 cxd4 5. Nxd4 a6 6. Bg5 Nbd7 7. f4 g6 8. Qf3
Bg7 9. O-O-O h6 10. Bh4 e5 11. Nde2 exf4 12. Bxf6 Qxf6 13. Nxf4 Ne5 14. Qg3 O-O
15. Be2 Qd8 16. Nfd5 Be6 17. Kb1 b5 18. Qe3 Re8 19. Rhf1 Rc8 20. Qb6 Bxd5 21.
Nxd5 Qh4 22. Qxd6 Qxe4 23. Rd2 Rcd8 24. Qc5 Kh7 25. a3 Qxg2 26. Qc3 Rxd5 0-1

[Event "Championnat de France des Jeunes - Mini"]
[Site "TROYES"]
[Date "2010.04.12"]
[Round "3.5"]
[White "Neri, Jean-Baptiste"]
[Black "Wurtz, Guillaume"]
[Result "0-1"]
[WhiteElo "2011"]
[BlackElo "1864"]
[PlyCount "88"]

1. e4 c5 2. c3 e5 3. Nf3 Nc6 4. d4 exd4 5. cxd4 cxd4 6. Nxd4 Nf6 7. Nxc6 dxc6
8. Qxd8+ Kxd8 9. Bg5 h6 10. Bxf6+ gxf6 11. Nc3 Bb4 12. O-O-O+ Kc7 13. Bc4 Be6
14. Bxe6 fxe6 15. f4 Rad8 16. Rxd8 Rxd8 17. Rd1 Bxc3 18. bxc3 Rxd1+ 19. Kxd1 f5
20. exf5 exf5 21. Kd2 Kd6 22. Kd3 Kd5 23. c4+ Kc5 24. Kc3 h5 25. g3 b5 26. cxb5
cxb5 27. a3 a5 28. Kd3 Kd5 29. Ke3 b4 30. axb4 axb4 31. Kd3 b3 32. Kc3 Ke4 33.
Kxb3 Kf3 34. Kc4 Kg2 35. Kd5 Kxh2 36. Ke5 Kxg3 37. Kxf5 h4 38. Kg5 h3 39. f5 h2
40. Kg6 h1=Q 41. f6 Qh8 42. Kf7 Kf4 43. Ke7 Ke5 44. f7 Qg7 0-1

[Event "Championnat de France des Jeunes - Mini"]
[Site "TROYES"]
[Date "2010.04.12"]
[Round "3.6"]
[White "Luciani, Thibault"]
[Black "Fourcand, Pierre"]
[Result "1-0"]
[WhiteElo "1861"]
[BlackElo "2004"]
[PlyCount "45"]

1. e4 c5 2. Nf3 d6 3. d4 cxd4 4. Nxd4 Nf6 5. Nc3 a6 6. Bc4 e6 7. Bb3 Nbd7 8.
O-O Nc5 9. Qe2 b5 10. Rd1 Qc7 11. Bg5 Be7 12. Bxf6 gxf6 13. f4 b4 14. Na4 Bb7
15. Nxc5 dxc5 16. Nxe6 fxe6 17. Qh5+ Kf8 18. Bxe6 Bd6 19. Rxd6 Qe7 20. Rad1 Bc8
21. Qh6+ Ke8 22. Rd8+ Qxd8 23. Qh5+ 1-0

[Event "Championnat de France des Jeunes - Mini"]
[Site "TROYES"]
[Date "2010.04.12"]
[Round "3.7"]
[White "Netzer, Jacques"]
[Black "De Lussac, Maxence"]
[Result "1-0"]
[WhiteElo "2215"]
[BlackElo "1813"]
[PlyCount "59"]

1. e4 c5 2. Nf3 e6 3. d4 cxd4 4. Nxd4 a6 5. Nc3 Qc7 6. Bd3 Nf6 7. O-O Be7 8.
Be3 b5 9. a3 Bb7 10. f4 d6 11. Qf3 O-O 12. Qh3 Nbd7 13. g4 Nc5 14. Qg2 Rfe8 15.
g5 Nfd7 16. Be2 Bf8 17. Bf3 e5 18. Nde2 exf4 19. Nxf4 Nb6 20. Bd4 Ncd7 21. Qf2
Ne5 22. Bh5 Nbd7 23. Nfd5 Bxd5 24. Nxd5 Qd8 25. Bxf7+ Nxf7 26. Qxf7+ Kh8 27.
Qf5 Rc8 28. Rf3 Ne5 29. Rh3 g6 30. Qxg6 1-0

[Event "Championnat de France des Jeunes - Mini"]
[Site "TROYES"]
[Date "2010.04.12"]
[Round "3.8"]
[White "Cazottes, Guillaume"]
[Black "Barbot, Pierre"]
[Result "0-1"]
[WhiteElo "1902"]
[BlackElo "2111"]
[PlyCount "96"]

1. e4 c5 2. Nc3 Nc6 3. Bb5 Nd4 4. Bc4 e6 5. Nge2 Nf6 6. d3 d5 7. exd5 exd5 8.
Bb3 Nxb3 9. axb3 d4 10. Ne4 Be7 11. O-O O-O 12. N2g3 Qd5 13. Re1 h6 14. h3 Be6
15. Bd2 a6 16. Nxf6+ Bxf6 17. Nh5 Bd8 18. Nf4 Qf5 19. Qh5 Qxh5 20. Nxh5 Bc7 21.
Nf4 Bd7 22. Nd5 Bd6 23. Nb6 Rad8 24. Nxd7 Rxd7 25. Re4 f5 26. Re6 Kf7 27. Rae1
Rdd8 28. Ba5 Rfe8 29. Rxe8 Rxe8 30. Rxe8 Kxe8 31. g4 fxg4 32. hxg4 Kd7 33. Bd2
g5 34. Kg2 Ke6 35. Kf3 Kd5 36. Bc1 b6 37. Bd2 Bc7 38. b4 Bd6 39. bxc5 Bxc5 40.
Ke2 Bd6 41. c4+ dxc3 42. Bxc3 a5 43. Kd2 a4 44. Kc2 Bf8 45. Bf6 b5 46. Bh8 Bc5
47. f3 Bd4 48. Bxd4 Kxd4 0-1

[Event "Championnat de France des Jeunes - Mini"]
[Site "TROYES"]
[Date "2010.04.12"]
[Round "3.9"]
[White "Clement, Alexandre"]
[Black "Ane, Cedric"]
[Result "0-1"]
[WhiteElo "1808"]
[BlackElo "2106"]
[PlyCount "75"]

1. e4 c5 2. Nf3 e6 3. d4 cxd4 4. Nxd4 a6 5. Bd3 Bc5 6. Nb3 Be7 7. Be3 d6 8. O-O
Nf6 9. a4 b6 10. Nc3 O-O 11. f4 Nbd7 12. Qf3 Bb7 13. Qh3 e5 14. f5 Rc8 15. Nd2
Nc5 16. Kh1 Rc7 17. Qg3 Kh8 18. Rad1 Qa8 19. Bxc5 Rxc5 20. Rfe1 Rfc8 21. Nf3
R8c7 22. h3 Qe8 23. Qf2 Nh5 24. Kh2 b5 25. axb5 axb5 26. Ne2 b4 27. g4 Nf6 28.
Ng3 h6 29. Rg1 d5 30. exd5 Bxd5 31. Rge1 e4 32. Bxe4 Bxe4 33. Nxe4 Nxe4 34.
Rxe4 Bd6+ 35. Rxd6 Qxe4 36. Rd8+ Kh7 37. g5 Rxf5 38. Rd3 0-1

[Event "Championnat de France des Jeunes - Mini"]
[Site "TROYES"]
[Date "2010.04.12"]
[Round "3.10"]
[White "Jaouen, Valentin"]
[Black "Eden, James"]
[Result "1/2-1/2"]
[WhiteElo "1802"]
[BlackElo "2047"]
[PlyCount "112"]

1. e4 e5 2. Nf3 Nc6 3. Bb5 a6 4. Ba4 Nf6 5. O-O Be7 6. Re1 b5 7. Bb3 O-O 8. h3
d6 9. c3 Na5 10. Bc2 c5 11. d4 Nd7 12. Nbd2 exd4 13. cxd4 Nc6 14. Nf1 Bf6 15.
Be3 Qb6 16. e5 dxe5 17. dxc5 Qc7 18. Be4 Bb7 19. a3 Rfd8 20. Qc2 g6 21. Rac1
Nf8 22. b4 Ne6 23. Rcd1 a5 24. Rxd8+ Rxd8 25. Rb1 Bg7 26. g4 axb4 27. axb4 Ned4
28. Bxd4 exd4 29. Qd3 Ne7 30. Ng3 Nd5 31. Qxb5 Bc6 32. Qd3 Nf4 33. Qf1 Re8 34.
Re1 d3 35. Bxd3 Rxe1 36. Nxe1 Bc3 37. Be4 Bxb4 38. Bxc6 Qxc6 39. Nd3 Nxd3 40.
Qxd3 Bxc5 41. Ne4 Bb6 42. Qf3 Bd4 43. Kg2 Kg7 44. Ng5 Qd7 45. Qd3 Qc6+ 46. Qf3
Qc7 47. Qd5 Qf4 48. Nf3 Bf6 49. Qc6 h6 50. Qd5 g5 51. Qc5 h5 52. Qe3 Qxe3 53.
fxe3 h4 54. Nd2 Bd8 55. Ne4 f6 56. Nd6 Kf8 1/2-1/2

[Event "Championnat de France des Jeunes - Mini"]
[Site "TROYES"]
[Date "2010.04.12"]
[Round "3.1"]
[White "Aflalo, Sophie"]
[Black "Aggoune, Audessa"]
[Result "1-0"]
[WhiteElo "2041"]
[BlackElo "1666"]
[PlyCount "72"]
[EventDate "2010.??.??"]

1. e4 d5 2. exd5 Qxd5 3. Nc3 Qa5 4. d4 c6 5. Bd2 Nf6 6. Nf3 Bg4 7. h3 Bh5 8. g4
Bg6 9. Bg2 e6 10. O-O Be7 11. Ne5 Qc7 12. Bf4 Bd6 13. Re1 O-O 14. Bg3 Nbd7 15.
Nb1 Rad8 16. Nd2 Nd5 17. Ndc4 Nxe5 18. Nxd6 Qxd6 19. Bxe5 Qd7 20. c3 Nb6 21.
Qe2 Qe7 22. Bg3 Rd7 23. f4 Re8 24. Qf2 Bd3 25. b3 Nd5 26. Qd2 Ba6 27. Rad1 c5
28. c4 Nb4 29. d5 Nc6 30. Qf2 Nd4 31. f5 b5 32. fxe6 fxe6 33. dxe6 Rdd8 34. Bd5
Bb7 35. Qf7+ Kh8 36. Bxb7 Ra8 1-0

[Event "Championnat de France des Jeunes - Mini"]
[Site "TROYES"]
[Date "2010.04.12"]
[Round "3.2"]
[White "Seelen, Amandine"]
[Black "Neuhauser, Salome"]
[Result "0-1"]
[WhiteElo "1664"]
[BlackElo "2014"]
[PlyCount "34"]

1. d4 Nf6 2. c4 e6 3. Nc3 Bb4 4. Qc2 Nc6 5. Nf3 d6 6. a3 Bxc3+ 7. Qxc3 Qe7 8.
e3 O-O 9. Bd3 e5 10. Bc2 Bg4 11. O-O Bxf3 12. gxf3 Nh5 13. d5 Nb8 14. Kh1 Qh4
15. c5 Na6 16. b4 Qh3 17. Bd1 Qxf1# 0-1

[Event "Championnat de France des Jeunes - Mini"]
[Site "TROYES"]
[Date "2010.04.12"]
[Round "3.3"]
[White "Eid, Maha"]
[Black "Turquetille, Annabelle"]
[Result "1/2-1/2"]
[WhiteElo "2003"]
[BlackElo "1630"]
[PlyCount "28"]

1. d4 g6 2. c4 Bg7 3. Nc3 d6 4. e4 Nc6 5. Be3 e5 6. Nge2 exd4 7. Nxd4 Nge7 8.
Qd2 O-O 9. Be2 f5 10. Nc2 fxe4 11. O-O-O Nf5 12. Nxe4 Nxe3 13. Qxe3 Bf5 14. f3
Qe7 1/2-1/2

[Event "Championnat de France des Jeunes - Mini"]
[Site "TROYES"]
[Date "2010.04.12"]
[Round "3.5"]
[White "Lenoel, Marine"]
[Black "David, Betty"]
[Result "1-0"]
[WhiteElo "1718"]
[BlackElo "1600"]
[PlyCount "105"]

1. e4 d5 2. exd5 Qxd5 3. Nc3 Qa5 4. Nf3 Bg4 5. Be2 e5 6. O-O Nd7 7. d3 c6 8.
Nd2 Be6 9. Nde4 h6 10. f4 Ngf6 11. fxe5 Nxe4 12. Nxe4 Nxe5 13. Bf4 Ng6 14. Bg3
Be7 15. Kh1 f5 16. Bh5 Bf7 17. Qf3 Rf8 18. Qxf5 Qxf5 19. Rxf5 O-O-O 20. Bg4 Be6
21. Rg5 Bxg4 22. Rxg4 Nh8 23. Rxg7 Rf7 24. Rxf7 Nxf7 25. h3 Nd6 26. Bxd6 Bxd6
27. Nxd6+ Rxd6 28. Re1 Rf6 29. Kg1 Kd7 30. g4 Rf3 31. Kg2 Rf4 32. Kg3 Rf6 33.
h4 Rg6 34. Re5 Kd6 35. Rh5 Ke6 36. Kf4 Rf6+ 37. Rf5 Rxf5+ 38. gxf5+ Kf6 39. d4
b5 40. c3 a5 41. a3 h5 42. Ke4 a4 43. Kf4 Kf7 44. Kg5 Kg7 45. Kxh5 Kf6 46. Kg4
Kg7 47. Kg5 Kf7 48. f6 Kf8 49. Kg6 Kg8 50. f7+ Kf8 51. h5 b4 52. cxb4 c5 53.
bxc5 1-0

[Event "Championnat de France des Jeunes - Mini"]
[Site "TROYES"]
[Date "2010.04.12"]
[Round "3.6"]
[White "Guinard, Charline"]
[Black "Afraoui, Solenn"]
[Result "0-1"]
[WhiteElo "1600"]
[BlackElo "1851"]
[PlyCount "80"]

1. Nf3 Nf6 2. d4 g6 3. c4 c5 4. e3 Bg7 5. Nc3 O-O 6. Be2 cxd4 7. exd4 d5 8. O-O
Nc6 9. Re1 h6 10. Be3 e6 11. h3 b6 12. Qc1 Kh7 13. Bd3 Bb7 14. Ne2 Rc8 15. b3
Nb4 16. Bb1 dxc4 17. bxc4 Bxf3 18. gxf3 Qc7 19. a3 Nc6 20. c5 bxc5 21. Qxc5 Ne7
22. Qb4 Ned5 23. Qb3 Rb8 24. Qd3 Nh5 25. Kg2 Ndf4+ 26. Nxf4 Nxf4+ 27. Bxf4 Qxf4
28. Qe3 Qxd4 29. Qxd4 Bxd4 30. Ra2 Rb2 31. Rxb2 Bxb2 32. a4 Rc8 33. Re2 Bd4 34.
h4 h5 35. Bd3 Bf6 36. Kg3 Rd8 37. Bc2 Rd4 38. Re4 Rd2 39. Rf4 Be5 40. Bxg6+
Kxg6 0-1

[Event "Championnat de France des Jeunes - Mini"]
[Site "TROYES"]
[Date "2010.04.12"]
[Round "3.7"]
[White "Colin, Phanie"]
[Black "Alonso, Audrey"]
[Result "0-1"]
[WhiteElo "1830"]
[BlackElo "1782"]
[PlyCount "72"]

1. c4 Nf6 2. Nc3 e5 3. Nf3 Nc6 4. g3 Bc5 5. Bg2 d6 6. e3 Bg4 7. h3 Bf5 8. d4
Bb6 9. d5 Ne7 10. Nh4 Bd7 11. O-O Ng6 12. Nf3 Qc8 13. Kh2 O-O 14. Qe2 a6 15. b4
Ne8 16. Bd2 f5 17. e4 f4 18. g4 Qd8 19. Rac1 Nh4 20. Nxh4 Qxh4 21. f3 Qg5 22.
a3 Nf6 23. Rc2 h5 24. Be1 hxg4 25. fxg4 Kf7 26. Bf3 Rh8 27. Kg2 Qg6 28. Rh1 Rh7
29. Nd1 Rah8 30. c5 Nxg4 31. Bxg4 Bxg4 32. Qxg4 Qxg4+ 33. hxg4 Rxh1 34. Nf2
R8h2+ 35. Kf3 Rxe1 36. cxd6 Re3# 0-1

[Event "Championnat de France des Jeunes - Mini"]
[Site "TROYES"]
[Date "2010.04.12"]
[Round "3.8"]
[White "Finkel, Julie"]
[Black "Lebret, Loriane"]
[Result "1/2-1/2"]
[WhiteElo "1651"]
[BlackElo "1639"]
[PlyCount "66"]

1. g3 e5 2. Bg2 Nf6 3. d3 d5 4. Nf3 Nc6 5. a3 Bg4 6. b4 a6 7. O-O Be7 8. Nbd2
O-O 9. Bb2 Bd6 10. c4 dxc4 11. Nxc4 Re8 12. Qc2 Qd7 13. e4 b5 14. Ne3 Bxf3 15.
Bxf3 a5 16. Nf5 axb4 17. d4 exd4 18. e5 Nxe5 19. Bxa8 Rxa8 20. axb4 Rxa1 21.
Rxa1 d3 22. Ra8+ Bf8 23. Rxf8+ Kxf8 24. Qc5+ Kg8 25. Qxe5 d2 26. Ne3 d1=Q+ 27.
Nxd1 Qxd1+ 28. Kg2 Qd5+ 29. Qxd5 Nxd5 30. Ba3 Kf8 31. Kf3 Ke7 32. Ke4 Kd6 33.
Kd4 f5 1/2-1/2

[Event "Championnat de France des Jeunes - Mini"]
[Site "TROYES"]
[Date "2010.04.12"]
[Round "3.9"]
[White "Stubbe, Alicia"]
[Black "Griggio, Julie"]
[Result "0-1"]
[WhiteElo "1649"]
[BlackElo "1816"]
[PlyCount "84"]

1. e4 e6 2. d4 d5 3. e5 c5 4. c3 Nc6 5. Nf3 Qb6 6. Be2 cxd4 7. cxd4 Nge7 8. b3
Nf5 9. Bb2 Bb4+ 10. Kf1 Bd7 11. a3 Be7 12. Nc3 Rc8 13. Rc1 Ncxd4 14. Na4 Rxc1
15. Qxc1 Nxb3 16. Nxb6 Nxc1 17. Nxd7 Nxe2 18. Kxe2 Kxd7 19. g4 Nh4 20. Nd4 Ng6
21. Nb5 a6 22. Nd6 Bxd6 23. exd6 Kxd6 24. Bxg7 Rc8 25. h4 b5 26. h5 Ne5 27. g5
Nc4 28. Rc1 Kd7 29. Rc3 Nd6 30. Rf3 Nf5 31. h6 Rc4 32. Kd2 Rg4 33. Bf6 Nd6 34.
Ke3 Ne4 35. Kd3 Nxf6 36. Rxf6 Ke7 37. g6 Rxg6 38. Rxg6 fxg6 39. Kd4 Kd6 40. f4
a5 41. Kc3 e5 42. fxe5+ Kxe5 0-1

[Event "Championnat de France des Jeunes - Mini"]
[Site "TROYES"]
[Date "2010.04.12"]
[Round "3.10"]
[White "Ferrer, Lauriane"]
[Black "Ruhlmann, Helene"]
[Result "1-0"]
[WhiteElo "1572"]
[BlackElo "1816"]
[PlyCount "63"]

1. e4 c5 2. Nf3 e6 3. d4 cxd4 4. Nxd4 Nc6 5. Be3 Qc7 6. Nc3 a6 7. Be2 Nf6 8.
Qd2 Bd6 9. g3 b5 10. f3 Bb7 11. O-O-O b4 12. Nb1 Rc8 13. Nxe6 dxe6 14. Qxd6
Qxd6 15. Rxd6 O-O 16. Nd2 Rc7 17. Rd1 Rfc8 18. Nb3 h6 19. Bb6 Re7 20. Nc5 Nb8
21. Rd8+ Kh7 22. Nxb7 Rc6 23. Ba7 Rxb7 24. Bxb8 b3 25. axb3 Rxb3 26. Be5 Rb7
27. Bxf6 gxf6 28. R1d7 Rxd7 29. Rxd7 Kg6 30. Ra7 e5 31. Rxa6 Rc7 32. Ra1 1-0

[Event "Championnat de France des Jeunes - Benja"]
[Site "TROYES"]
[Date "2010.04.12"]
[Round "3.1"]
[White "Giroyan, Gary"]
[Black "Cantin, Loic"]
[Result "1-0"]
[WhiteElo "2181"]
[BlackElo "1837"]
[PlyCount "137"]

1. e4 c5 2. Nf3 d6 3. d4 cxd4 4. Nxd4 Nf6 5. Nc3 a6 6. Bc4 e6 7. Bb3 b5 8. Bg5
Be7 9. Qf3 Qb6 10. O-O-O O-O 11. Rhe1 Bb7 12. Qg3 Kh8 13. f4 b4 14. Na4 Qa5 15.
e5 Ne4 16. Rxe4 Bxg5 17. Ree1 Bh6 18. Kb1 Nc6 19. exd6 Rad8 20. Nxc6 Bxc6 21.
Re5 Qc7 22. Red5 Qd7 23. Nc5 Qa7 24. Rh5 Bd5 25. Qe3 Bxg2 26. Rxh6 gxh6 27.
Qd4+ f6 28. Nxe6 Qxd4 29. Rxd4 Rfe8 30. Kc1 Bh3 31. Nxd8 Rxd8 32. Rxb4 Kg7 33.
Rd4 Kg6 34. Kd2 Bd7 35. Kc3 Kf5 36. Kb4 Re8 37. Bc4 Rb8+ 38. Kc3 a5 39. b3 Kg4
40. a3 Kh3 41. Rd5 Kxh2 42. Rh5+ Kg3 43. Rxh6 Kxf4 44. Rxf6+ Ke5 45. Rh6 Bf5
46. Bd3 Be6 47. Rxh7 Kxd6 48. Ra7 Rc8+ 49. Kd4 Rc5 50. Ra6+ Rc6 51. Rxa5 Bc8
52. c4 Kc7 53. b4 Kb6 54. c5+ Kc7 55. Ra7+ Kb8 56. Rh7 Rf6 57. Rh8 Kc7 58. Rh7+
Kb8 59. Rh4 Rf7 60. a4 Ra7 61. a5 Rd7+ 62. Kc3 Ra7 63. Rh8 Kc7 64. Rh7+ Kb8 65.
Rxa7 Kxa7 66. b5 Kb7 67. Be4+ Ka7 68. b6+ Kb8 69. c6 1-0

[Event "Championnat de France des Jeunes - Benja"]
[Site "TROYES"]
[Date "2010.04.12"]
[Round "3.2"]
[White "May, Alexandre"]
[Black "Viennot, Dylan"]
[Result "1/2-1/2"]
[WhiteElo "1827"]
[BlackElo "2017"]
[PlyCount "48"]
[EventDate "2010.??.??"]

1. d4 Nf6 2. c4 g6 3. Nc3 Bg7 4. e4 d6 5. f3 O-O 6. Bg5 c6 7. Qd2 Nbd7 8. Bd3
e5 9. d5 cxd5 10. Nxd5 a5 11. Ne2 Nc5 12. Bc2 Be6 13. Nec3 Rc8 14. b3 Bxd5 15.
Nxd5 Ne6 16. Bh4 Kh8 17. O-O Nd4 18. Bxf6 Bxf6 19. Nxf6 Qxf6 20. Bd3 Ne6 21.
Qxa5 Qg5 22. Rad1 Rfd8 23. Qd2 Qe7 24. Kh1 Kg7 1/2-1/2

[Event "Championnat de France des Jeunes - Benja"]
[Site "TROYES"]
[Date "2010.04.12"]
[Round "3.3"]
[White "Mirimanian, Haik"]
[Black "Kirk, Ezra"]
[Result "0-1"]
[WhiteElo "1818"]
[BlackElo "1970"]
[PlyCount "110"]
[EventDate "2010.??.??"]

1. e4 c5 2. Nc3 Nc6 3. g3 g6 4. Bg2 Bg7 5. d3 d6 6. Nge2 e6 7. Be3 Nge7 8. Qd2
Nd4 9. O-O O-O 10. f4 Rb8 11. Nd1 b5 12. c3 Nxe2+ 13. Qxe2 b4 14. Qd2 bxc3 15.
bxc3 Qa5 16. Rc1 Ba6 17. Rf2 d5 18. c4 Qxd2 19. Rxd2 d4 20. Bf2 e5 21. Rcc2 Bh6
22. Rb2 exf4 23. Rxb8 Rxb8 24. gxf4 Bxf4 25. Rb2 Nc6 26. Rxb8+ Bxb8 27. Nb2 Nb4
28. a3 Nc2 29. Na4 Bd6 30. Bg3 Bxg3 31. hxg3 Nxa3 32. Nxc5 Bc8 33. Bf3 Nc2 34.
Nb3 Kf8 35. Kf1 Nb4 36. Ke2 Nc6 37. Kd2 Ke7 38. e5 Nxe5 39. Nxd4 Nxf3+ 40. Nxf3
Bb7 41. Nd4 h5 42. Ke3 a5 43. Nb5 a4 44. d4 Bc6 45. Nc3 g5 46. d5 Bb7 47. Ke4
h4 48. gxh4 gxh4 49. Nb5 f5+ 50. Kf4 Kd7 51. Kf3 Ba6 52. Na3 Kd6 53. Kg2 f4 54.
Nc2 Bxc4 55. Na3 Bxd5+ 0-1